Mario kart world cup 2021 ranking - Statistiques

Statistiques générales
  • Ce quiz a été pris 13 fois
  • Le résultat moyen est 7 sur 34
Statistiques - réponses
Ranking Teams % Correct
1 France
100%
2 Japan
75%
3 United States
67%
4 Mexico
42%
5 Spain
42%
17 Eastern Europe
33%
5 Germany
33%
5 Canada
25%
13 China
25%
5 England
25%
9 Italy
25%
17 Australia
17%
13 Belgium
17%
9 Chile
17%
13 Nordic
17%
22 Perú
17%
29 Rio de la Plata
17%
33 Bolivia
8%
17 Brazil
8%
13 Centroamérica
8%
25 Colombia
8%
25 Costa Rica
8%
29 Ecuador
8%
29 Guatemala
8%
25 Honduras
8%
22 Ireland
8%
25 Scotland
8%
21 South Korea
8%
9 Switzerland
8%
17 Austria
0%
33 Hong Kong-Taiwan
0%
29 Luxembourg
0%
9 Netherlands
0%
22 Wales
0%
Aucun quiz correspondant
Distribution des résultats
% des personnes avec chaque résultat
Percentile par nombre de réponses
Votre historique - résultats
Vous n’avez pas pris ce quiz